000 00895nam a22003137a 4500
001 00771
003 DO-SdBNP
005 20171108131911.0
007 00771
008 160712b 2009 sp ||||| |||| 00| 0 spa d
020 _a9788466322614
040 _aBPMSU
_bspa
_cBPMSU
082 4 _a158.1
_bP984b
092 _a
_b
100 1 _aPunset, Elsa
245 1 _aBrújula para navegantes emocionales /
_cElsa Punset
260 0 _aMadrid :
_bSantillana Ediciones Generales,
_c2009.
300 _a263 p. :
_c19 cm.
490 1 _aPunto de lectura
_v326/1
500 _aIncluye datos biográficos del autor
650 4 _aEMOCIONES
650 4 _aPSICOLOGÍA APLICADA
650 4 _aINTELIGENCIA EMOCIONAL
830 0 _aPunto de lectura
_n326/1
910 _aValidado. Control de calidad MFF
942 _2ddc
_cBK
945 _aInventariado, 2017/MFF
956 _aVMATEO
_b10
_c20160720
_d0069
999 _c10836
_d10836